| 000 | 00411nam a2200145Ia 4500 | ||
|---|---|---|---|
| 100 | _aGroover/Mikell.P | ||
| 942 | _cBK | ||
| 654 | _aAutomation Production Systems &Computer Integrated Manufactuting | ||
| 245 | _aAutomation Production Systems &Computer Integrated Manufactuting | ||
| 260 |
_bPearson Education _aNewDelhi _c2001 |
||
| 082 |
_a670.285 _bGRO |
||
| 300 | _a876 | ||
| 546 | _aENGLISH | ||
| 999 |
_c18461 _d18461 |
||